Znajdź zagadkową stolicę po kolorach - Statystyki

Ogólne statystyki
  • Ten quiz został rozwiązany 5 181 razy
  • Średni wynik to 55 z 196
Odpowiedzi na mapie
Odpowiedzi zakodowano w zielono-czerwonej skali na mapie do tego quizu, zgodnie z poniższymi procentami.
 
Statystyki odpowiedzi
Państwo Stolica % Poprawnych
Polska Warszawa
85%
Stany Zjednoczone Waszyngton
60%
Brazylia Brasília
48%
Rosja Moskwa
48%
Argentyna Buenos Aires
44%
Meksyk Meksyk
43%
Hiszpania Madryt
41%
Niemcy Berlin
40%
Francja Paryż
39%
Egipt Kair
38%
Peru Lima
38%
Wielka Brytania Londyn
38%
Chiny Pekin
38%
Portugalia Lizbona
37%
Kanada Ottawa
37%
Włochy Rzym
36%
Republika Południowej Afryki Pretoria | Kapsztad | Bloemfontein
35%
Japonia Tokio
35%
Kolumbia Bogota
34%
Chile Santiago
34%
Boliwia La Paz | Sucre
32%
Norwegia Oslo
32%
Maroko Rabat
32%
Panama Panama
31%
Australia Canberra
30%
Wenezuela Caracas
30%
Senegal Dakar
30%
Irlandia Dublin
30%
Kuba Hawana
30%
Ekwador Quito
30%
Turcja Ankara
29%
Grecja Ateny
29%
Ukraina Kijów
29%
Indie Nowe Delhi
29%
Czechy Praga
29%
Nigeria Abudża
28%
Algieria Algier
28%
Finlandia Helsinki
28%
Demokratyczna Republika Konga Kinszasa
28%
Dania Kopenhaga
28%
Białoruś Mińsk
28%
Kenia Nairobi
28%
Islandia Reykjavík
28%
Łotwa Ryga
28%
Korea Południowa Seul
28%
Szwecja Sztokholm
28%
Estonia Tallinn
28%
Watykan Watykan
28%
Litwa Wilno
28%
Ghana Akra
27%
Holandia Amsterdam
27%
Andora Andora
27%
Madagaskar Antananarywa
27%
Paragwaj Asunción
27%
Szwajcaria Berno
27%
Słowacja Bratysława
27%
Belgia Bruksela
27%
Węgry Budapeszt
27%
Gwatemala Gwatemala
27%
Jamajka Kingston
27%
Saint Vincent i Grenadyny Kingstown
27%
Angola Luanda
27%
Słowenia Lublana
27%
Monako Monako
27%
Tunezja Tunis
27%
Mongolia Ułan Bator
27%
Malta Valletta
27%
Austria Wiedeń
27%
Zjednoczone Emiraty Arabskie Abu Zabi
26%
Etiopia Addis Abeba
26%
Irak Bagdad
26%
Azerbejdżan Baku
26%
Mali Bamako
26%
Gambia Bandżul
26%
Republika Środkowoafrykańska Bangi
26%
Tajlandia Bangkok
26%
Liban Bejrut
26%
Serbia Belgrad
26%
Belize Belmopan
26%
Gwinea Bissau Bissau
26%
Kongo Brazzaville
26%
Barbados Bridgetown
26%
Rumunia Bukareszt
26%
Saint Lucia Castries
26%
Sudan Chartum
26%
Syria Damaszek
26%
Bangladesz Dhaka
26%
Tanzania Dodoma
26%
Indonezja Dżakarta
26%
Sierra Leone Freetown
26%
Botswana Gaborone
26%
Gujana Georgetown
26%
Wietnam Hanoi
26%
Zimbabwe Harare
26%
Wybrzeże Kości Słoniowej Jamusukro
26%
Izrael Jerozolima
26%
Afganistan Kabul
26%
Uganda Kampala
26%
Nepal Katmandu
26%
Mołdawia Kiszyniów
26%
Gwinea Konakry
26%
Malezja Kuala Lumpur
26%
Gabon Libreville
26%
Malawi Lilongwe
26%
Togo Lomé
26%
Luksemburg Luksemburg
26%
Zambia Lusaka
26%
Nikaragua Managua
26%
Filipiny Manila
26%
Mozambik Maputo
26%
Lesotho Maseru
26%
Eswatini Mbabane
26%
Somalia Mogadiszu
26%
Liberia Monrovia
26%
Bahamy Nassau
26%
Mauretania Nawakszut
26%
Czad Ndżamena
26%
Niger Niamey
26%
Kazachstan Nur-Sułtan
26%
Surinam Paramaribo
26%
Korea Północna Pjongjang
26%
Haiti Port-au-Prince
26%
Trynidad i Tobago Port-of-Spain
26%
Benin Porto-Novo | Cotonou
26%
Republika Zielonego Przylądka Praia
26%
Arabia Saudyjska Rijad
26%
Dominika Roseau
26%
Antigua i Barbuda Saint John’s
26%
Kostaryka San José
26%
San Marino San Marino
26%
Salwador San Salvador
26%
Dominikana Santo Domingo
26%
Wyspy Świętego Tomasza i Książeca São Tomé
26%
Singapur Singapur
26%
Bułgaria Sofia
26%
Tajwan Tajpej
26%
Honduras Tegucigalpa
26%
Iran Teheran
26%
Albania Tirana
26%
Libia Trypolis
26%
Liechtenstein Vaduz
26%
Burkina Faso Wagadugu
26%
Nowa Zelandia Wellington
26%
Namibia Windhuk
26%
Chorwacja Zagrzeb
26%
Jordania Amman
25%
Samoa Apia
25%
Erytrea Asmara
25%
Turkmenistan Aszchabad
25%
Brunei Bandar Seri Begawan
25%
Saint Kitts i Nevis Basseterre
25%
Kirgistan Biszkek
25%
Timor Wschodni Dili
25%
Katar Doha
25%
Tadżykistan Duszanbe
25%
Dżibuti Dżibuti
25%
Sudan Południowy Dżuba
25%
Armenia Erywań
25%
Tuvalu Funafuti
25%
Burundi Gitega
25%
Wyspy Salomona Honiara
25%
Pakistan Islamabad
25%
Kamerun Jaunde
25%
Rwanda Kigali
25%
Kuwejt Kuwejt
25%
Wyspy Marshalla Majuro
25%
Gwinea Równikowa Malabo
25%
Malediwy Male
25%
Bahrajn Manama
25%
Oman Maskat
25%
Urugwaj Montevideo
25%
Komory Moroni
25%
Mjanma Naypyidaw
25%
Palau Ngerulmud
25%
Cypr Nikozja
25%
Tonga Nuku'alofa
25%
Mikronezja Palikir
25%
Kambodża Phnom Penh
25%
Czarnogóra Podgorica
25%
Mauritius Port Louis
25%
Papua-Nowa Gwinea Port Moresby
25%
Vanuatu Port Vila
25%
Kosowo Prisztina
25%
Grenada Saint George's
25%
Jemen Sana
25%
Bośnia i Hercegowina Sarajewo
25%
Macedonia Północna Skopje
25%
Sri Lanka Sri Dźajawardanapura Kotte
25%
Fidżi Suva
25%
Kiribati Tarawa
25%
Uzbekistan Taszkent
25%
Gruzja Tbilisi
25%
Bhutan Thimphu
25%
Seszele Victoria
25%
Laos Wientian
25%
Nauru Yaren
25%
Nie znaleziono quizów pasujących do podanych kryteriów
Rozkład punktacji
Procent ludzi z każdym wynikiem
Percentyl według liczby udzielonych odpowiedzi
Twoja historia wyników
Nie rozwiązałeś tego quizu